000 00395nam a22001457a 4500
999 _c2694
_d2694
008 200313b ||||| |||| 00| 0 eng d
020 _a9788126508341
100 _92303
_aSeborg, Dale E.
245 1 0 _aProcess dynamics and control
_cby Dale E. Seborg [et al.].
250 _a2nd ed.
260 _aNew Delhi:
_bWiley,
_c2009.
300 _axv,712p.
650 0 _aChemical Engineering
942 _cBK